| 000 | 00982nam a2200289 i 4500 | ||
|---|---|---|---|
| 003 | EG-GICUC | ||
| 005 | 20260430070328.0 | ||
| 008 | 260430s1996 ua ad||fr|||| 001 0 eng d | ||
| 040 |
_aEG-GiCUC _beng _cEG-GiCUC _dEG-GiCUC _erda |
||
| 041 | 1 | _aeng | |
| 082 | 0 | 4 |
_221 _a345.25 _bMA . L |
| 092 | 0 | 4 | _221 |
| 099 | _aLaw1 07 345.25 MA . L 1996 | ||
| 100 | 1 |
_aMayfield, James B _eAuthor. |
|
| 245 | 1 | 0 |
_aLocal Government In Egypt : _bStructure, Process. And The Challenges Of Reform / _cJames B. Mayfield. |
| 264 | 3 |
_aCairo : _bThe American University in Cairo Press, _c1996. |
|
| 300 |
_a369 pages : _billustration, _c24 cm |
||
| 336 |
_2rda content _atext |
||
| 337 |
_2rda media _aComputer |
||
| 338 |
_2rda carrier _aOnline Resource |
||
| 504 | _aIncludes bibliographical references and index. | ||
| 546 | _aText in English | ||
| 650 | 1 | 4 | _aAdministrative law |
| 856 | 4 | 0 | _uhttps://fll.law.cu.edu.eg/fulltext/bks/B07-04142.pdf |
| 905 | _a48 | ||
| 942 |
_2ddc _cBK _e21 _n0 |
||
| 999 |
_c74367 _d74367 |
||